| Tag |
First Indicator |
Second Indicator |
Subfields |
| LEADER |
00000pam a2200000 a 4500 |
| 001 |
in00004456721 |
| 005 |
20210818134937.0 |
| 008 |
870429s1987 enka b 00100 eng d |
| 010 |
|
|
|a gb 86028542
|
| 015 |
|
|
|a GB86-28542
|
| 020 |
|
|
|a 0947946829 (cased) :
|c £25.00
|
| 020 |
|
|
|a 0947946810 (pbk) :
|c £16.00
|
| 035 |
|
|
|a (OCoLC)14586784
|
| 035 |
|
|
|9 AAA9633MS
|
| 035 |
|
|
|z (UtOrBLW)3802
|
| 035 |
|
|
|a 5737
|
| 040 |
|
|
|a UKM
|c UKM
|d UtOrBLW
|
| 049 |
|
|
|a TMVM
|c 1
|
| 050 |
1 |
0 |
|a QR76.6
|
| 059 |
|
|
|l MS/BOOK STKS
|v 3
|y 2
|z 2
|t BOOK
|k CIRCULATING
|i 3238900293130
|n NL
|a QW 51
|b P7153 1987
|
| 060 |
|
4 |
|a QW 51
|b P7153 1987
|
| 245 |
0 |
0 |
|a Plasmids :
|b a practical approach /
|c edited by K.G. Hardy.
|
| 264 |
|
1 |
|a Oxford ;
|a Washington, D.C. :
|b IRL,
|c [1987]
|
| 264 |
|
4 |
|c ©1987
|
| 300 |
|
|
|a xi, 180 pages :
|b illustrations ;
|c 24 cm.
|
| 336 |
|
|
|a text
|2 rdacontent
|b txt
|
| 337 |
|
|
|a unmediated
|2 rdamedia
|
| 338 |
|
|
|a volume
|2 rdacarrier
|b nc
|
| 490 |
1 |
|
|a Practical approach series
|
| 504 |
|
|
|a Includes bibliographies and index.
|
| 650 |
|
2 |
|a Plasmids.
|
| 650 |
|
2 |
|a Genetics, Microbial.
|
| 650 |
|
2 |
|a Chromosomes, Bacterial.
|
| 700 |
1 |
|
|a Hardy, K. G.
|q (Kimber G.)
|
| 830 |
|
0 |
|a Practical approach series.
|
| 940 |
|
|
|a copy plain
|
| 999 |
|
|
|a MARS
|
| 999 |
f |
f |
|s f850dbd8-307c-369e-a91e-334dde266863
|i 23b3b033-8209-3366-ba61-a6e66b19637f
|t 0
|
| 952 |
f |
f |
|p ric
|a Texas A&M University
|b Rellis Campus
|c Joint Library Facility
|d Remote Storage
|t 0
|e QW 51 P7153 1987
|h National Library of Medicine classification
|i unmediated -- volume
|m 3238900293130
|
| 998 |
f |
f |
|a QW 51 P7153 1987
|t 0
|l Remote Storage
|